| Tag |
First Indicator |
Second Indicator |
Subfields |
| LEADER |
00000cam a2200000Ka 4500 |
| 001 |
in00003513607 |
| 006 |
m o d |
| 007 |
cr bn||||||abp |
| 007 |
cr bn||||||ada |
| 008 |
100318s1983 nyu obf 001 0 eng d |
| 005 |
20260420215342.7 |
| 019 |
|
|
|a 301107836
|
| 020 |
|
|
|a 9781461333005 (electronic bk.)
|
| 020 |
|
|
|a 1461333008 (electronic bk.)
|
| 020 |
|
|
|z 0306407922
|
| 020 |
|
|
|z 9780306407925
|
| 035 |
|
|
|a (OCoLC)562356630
|z (OCoLC)301107836
|
| 040 |
|
|
|a OCLCE
|b eng
|e pn
|c OCLCE
|d OCLCQ
|d OCLCO
|d OCLCQ
|d GW5XE
|d UtOrBLW
|
| 042 |
|
|
|a dlr
|
| 049 |
|
|
|a TXAM
|
| 050 |
|
4 |
|a HV9274
|b .B76 1983
|
| 082 |
0 |
4 |
|a 364/.072
|2 19
|
| 084 |
|
|
|a 71.65
|2 bcl
|
| 084 |
|
|
|a 70.03
|2 bcl
|
| 100 |
1 |
|
|a Brodsky, Stanley L.,
|d 1939-
|
| 245 |
1 |
0 |
|a Handbook of scales for research in crime and delinquency /
|c Stanley L. Brodsky and H. O'Neal Smitherman.
|
| 264 |
|
1 |
|a New York :
|b Plenum Press,
|c [1983]
|
| 264 |
|
4 |
|c ©1983
|
| 300 |
|
|
|a 1 online resource (xxv, 615 pages)
|
| 336 |
|
|
|a text
|b txt
|2 rdacontent
|
| 337 |
|
|
|a computer
|b c
|2 rdamedia
|
| 338 |
|
|
|a online resource
|b cr
|2 rdacarrier
|
| 490 |
1 |
|
|a Perspectives in law & psychology ;
|v v. 5
|
| 504 |
|
|
|a Includes bibliographical references (pages 599-602) and index.
|
| 538 |
|
|
|a Master and use copy. Digital master created according to Benchmark for Faithful Digital Reproductions of Monographs and Serials, Version 1. Digital Library Federation, December 2002.
|u http://purl.oclc.org/DLF/benchrepro0212
|5 MiAaHDL
|
| 583 |
1 |
|
|a digitized
|c 2010
|h HathiTrust Digital Library
|l committed to preserve
|2 pda
|5 MiAaHDL
|
| 588 |
|
|
|a Description based on print version record.
|
| 500 |
|
|
|a Electronic resource.
|
| 650 |
|
0 |
|a Prisoners
|x Attitudes
|x Research
|x Statistical methods
|v Handbooks, manuals, etc.
|
| 650 |
|
0 |
|a Juvenile delinquents
|x Attitudes
|x Research
|x Statistical methods
|v Handbooks, manuals, etc.
|
| 650 |
|
0 |
|a Criminal behavior, Prediction of
|x Research
|x Statistical methods
|v Handbooks, manuals, etc.
|
| 650 |
|
0 |
|a Scaling (Social sciences)
|v Handbooks, manuals, etc.
|
| 650 |
|
6 |
|a Prisonniers
|x Attitudes
|x Recherche
|x Méthodes statistiques
|x Guides, manuels, etc.
|
| 650 |
|
6 |
|a Jeunes délinquants
|x Attitudes
|x Recherche
|x Méthodes statistiques
|x Guides, manuels, etc.
|
| 650 |
|
6 |
|a Prédiction du comportement criminel
|x Recherche
|x Méthodes statistiques
|x Guides, manuels, etc.
|
| 650 |
|
6 |
|a Construction d'une échelle (Sciences sociales)
|x Guides, manuels, etc.
|
| 655 |
|
7 |
|a Electronic books.
|2 local
|
| 700 |
1 |
|
|a Smitherman, H. O'Neal,
|d 1949-
|
| 710 |
2 |
|
|a SpringerLink (Online service)
|
| 776 |
1 |
8 |
|i Print version:
|a Brodsky, Stanley L., 1939-
|t Handbook of scales for research in crime and delinquency.
|d New York : Plenum Press, ©1983
|w (DLC) 82018142
|w (OCoLC)8827462
|
| 830 |
|
0 |
|a Perspectives in law & psychology ;
|v v. 5.
|
| 856 |
4 |
0 |
|u http://proxy.library.tamu.edu/login?url=https://link.springer.com/10.1007/978-1-4613-3300-5
|z Connect to the full text of this electronic book
|t 0
|
| 994 |
|
|
|a 92
|b TXA
|
| 999 |
|
|
|a MARS
|
| 999 |
f |
f |
|s 8484d957-e00e-3829-8d2e-0a6489e53315
|i 47c2dac8-f912-3b12-8f71-3e3c86a9c8b9
|t 0
|
| 952 |
f |
f |
|a Texas A&M University
|b College Station
|c Electronic Resources
|s www_evans
|d Available Online
|t 0
|e HV9274 .B76 1983
|h Library of Congress classification
|
| 998 |
f |
f |
|a HV9274 .B76 1983
|t 0
|l Available Online
|